| 000 | 00662cam a2200229 a 4500 | ||
|---|---|---|---|
| 001 | 000018019 | ||
| 005 | 20200929165323.0 | ||
| 008 | 940325s1992 sp 000 p spa d | ||
| 020 | _a8486307546 | ||
| 040 |
_aDO-SdBNP _cIU _dDLC _dBNPHU |
||
| 082 |
_a861.64 _bA864i |
||
| 100 | 1 |
_aAtencia, María Victoria, _939067 |
|
| 245 | 1 | 3 |
_aLa intrusa / _cMaría Victoria Atencia. |
| 260 |
_aSevilla : _bRenacimiento, _c1992. |
||
| 300 |
_a52 p. ; _c23 cm. |
||
| 490 | 1 |
_aRenacimiento _v30 |
|
| 650 | 4 |
_aPoesía española _9631 |
|
| 650 | 4 |
_aLiteratura española _9632 |
|
| 830 | 0 |
_aRenacimiento ; _v30 _939068 |
|
| 910 | _aCatalogación derivada / LC | ||
| 049 | _aBNGR | ||
| 999 |
_c17541 _d17541 |
||